000
00301nam a22001097a 4500
082
_a
621.31913 AND'A
100
_a
SANTANELLI, A,ANDERSON, C. J,KULIS, F. R
_9
56586
245
_a
ALTERNATING CURRENT CIRCUITS AND MEASUREMENT
260
_a
NEWJERSCY
_b
PRENTICE HALL
_c
1966
300
_a
367P
942
_c
BK
999
_c
566969
_d
566969